[Event "AUTO-OPEN-2027"]
[Site "http://www.queenalice.com/game.php?id=798083"]
[Date "2010.7.3"]
[Round "1"]
[White "Dr_Happy"]
[Black "Andreu"]
[Result "1-0"]
[WhiteElo "1469"]
[BlackElo "1999"]

1. d4 Nf6 2. e3 g6 3. Nh3 d5 4. Ng5 c5 5. dxc5 Qa5+ 6. Bd2 Qxc5 7. Na3 d4 8.
Bb5+ Nc6 9. exd4 Qxd4 10. O-O Qxb2 11. Bxc6+ bxc6 12. Qf3 Bd7 13. Qe3 Qb8 14.
Rab1 Qc7 15. Bb4 Nd5 16. Qd4 e5 17. Rfe1 Bg7 18. Nc4 Kd8 19. Qh4 Bf5 20. Nxf7+
Kd7 21. Bd6 Qc8 22. Nxh8 Bxh8 23. Qxh7+ Ke6 24. Rxe5+ Bxe5 25. Rb7 Qe8 26. Bxe5
Rd8 27. h4 Rd7 28. Rxd7 Qxd7 29. Qg8+ Qf7 30. Qa8 Qd7 31. f3 Nf4 32. Bxf4 Qd4+
33. Kh1 Qxc4 34. Qg8+ 1-0

[Event "AUTO-OPEN-2027"]
[Site "http://www.queenalice.com/game.php?id=798104"]
[Date "2010.7.3"]
[Round "1"]
[White "MARLEY14691158"]
[Black "Dr_Happy"]
[Result "1-0"]
[WhiteElo "1833"]
[BlackElo "1369"]

1. e4 d5 2. exd5 Qxd5 3. Nc3 Qe6+ 4. Be2 Nc6 5. Nf3 Bd7 6. O-O O-O-O 7. d3 h6 8.
Re1 Nf6 9. Bf1 Qg4 10. h3 Qb4 11. a3 Qc5 12. Be3 Qf5 13. Ne2 Nd5 14. Ng3 Nxe3
15. Rxe3 Qb5 16. b4 e5 17. c4 Qb6 18. c5 Qb5 19. d4 Nxd4 20. Bxb5 Nxf3+ 21. Qxf3
Bxb5 22. Qxf7 Ba4 23. Qf5+ Bd7 24. Qxe5 b6 25. Rc1 bxc5 26. bxc5 a5 27. c6 1-0

[Event "AUTO-OPEN-2027"]
[Site "http://www.queenalice.com/game.php?id=798105"]
[Date "2010.7.3"]
[Round "1"]
[White "Dr_Happy"]
[Black "MARLEY14691158"]
[Result "0-1"]
[WhiteElo "1453"]
[BlackElo "1895"]

1. Nc3 d5 2. e4 Nf6 3. exd5 Nxd5 4. Bc4 Nxc3 5. bxc3 e6 6. Nf3 Bd6 7. O-O Nd7 8.
g3 O-O 9. h4 b6 10. Ng5 Nf6 11. d4 h6 12. Qf3 Bd7 13. Ne4 Be7 14. Nxf6+ Bxf6 15.
d5 exd5 16. Bxd5 Rb8 17. Ba3 c5 18. Rad1 Qc7 19. Bc1 Qc8 20. Bf4 Bg4 21. Qd3
Bxd1 22. Rxd1 Rb7 23. Bxb7 Qxb7 24. Bd6 Rd8 25. Re1 Qd7 26. Be5 Qxd3 27. cxd3
Bxe5 28. Rxe5 Rxd3 29. Re8+ Kh7 30. Re7 Rxc3 31. Rxa7 Kg6 32. Ra6 Rc1+ 33. Kg2
Rb1 34. a4 f6 35. g4 Rb4 36. h5+ Kg5 37. f3 Kf4 38. Kf2 Rb2+ 39. Ke1 Kxf3 40. a5
b5 41. Rb6 b4 42. a6 Ke3 43. a7 Rb1# 0-1

[Event "AUTO-OPEN-2027"]
[Site "http://www.queenalice.com/game.php?id=798116"]
[Date "2010.7.3"]
[Round "1"]
[White "SGF"]
[Black "Dr_Happy"]
[Result "1-0"]
[WhiteElo "1662"]
[BlackElo "1551"]

1. e4 d5 2. Qf3 dxe4 3. Qxe4 Nf6 4. Qf3 Bg4 5. Qxb7 Nbd7 6. h3 Bf5 7. Bb5 Rb8 8.
Bxd7+ Nxd7 9. Qxa7 c5 10. Nc3 Ra8 11. Qb7 Bxc2 12. Nb5 Rb8 13. Nc7+ Qxc7 14.
Qxc7 e5 15. Nf3 Be7 16. Nxe5 1-0

[Event "AUTO-OPEN-2027"]
[Site "http://www.queenalice.com/game.php?id=798117"]
[Date "2010.7.3"]
[Round "1"]
[White "Dr_Happy"]
[Black "SGF"]
[Result "0-1"]
[WhiteElo "1513"]
[BlackElo "1652"]

1. Nf3 f6 2. e4 e5 3. d4 d6 4. dxe5 fxe5 5. h4 Bg4 6. Qd5 Nc6 7. Ng5 Nh6 8. Bb5
Qd7 9. Bd2 a6 10. Bxc6 bxc6 11. Qb3 Be7 12. Qb7 O-O 13. Qb3+ Nf7 14. f3 Bxg5 15.
fxg4 Bxd2+ 16. Nxd2 Qxg4 17. O-O Qxh4 18. Nf3 Qxe4 19. Ng5 Qd4+ 20. Rf2 d5 21.
Ne6 Qb6 22. Nxf8 Rxf8 23. Qa4 Ng5 24. Rf1 Ne4 25. Qa3 Nxf2 26. Kh2 Ng4+ 27. Kg3
Rxf1 28. Kxg4 Qd4+ 29. Kg3 Qf4+ 0-1

[Event "Challenge"]
[Site "http://www.queenalice.com/game.php?id=803249"]
[Date "2010.7.14"]
[Round "-"]
[White "toniteacher"]
[Black "Dr_Happy"]
[Result "1-0"]
[WhiteElo "1237"]
[BlackElo "1469"]

1. e4 d5 2. Bd3 dxe4 3. Bxe4 Qd4 4. d3 e5 5. Ne2 Qb6 6. O-O Bc5 7. Nbc3 c6 8.
Na4 Qa5 9. Nxc5 Qxc5 10. Be3 Qb4 11. b3 Nf6 12. f3 O-O 13. Ng3 Nd5 14. Bxd5 cxd5
15. a3 Qc3 16. Bd2 Qd4+ 17. Kh1 Nc6 18. Qe2 e4 19. fxe4 dxe4 20. Nxe4 Ne5 21.
Bc3 Qd5 22. Bxe5 Qxe5 23. Rae1 h5 24. Qf2 f6 25. Qh4 Qa5 26. Re3 Bf5 27. Qxh5
Qb6 28. Rg3 Bxe4 29. dxe4 Qa6 30. Qd5+ Rf7 31. Qf5 Re8 32. Rg4 Re5 33. Qf3 f5
34. Rg5 Qc6 35. Rd1 Qxc2 36. Rd8+ Rf8 37. Rxf8+ Kxf8 38. Rxf5+ Rxf5 39. Qxf5+
Ke7 40. Qe5+ Kf8 41. Qb8+ Kf7 42. Qxa7 Qb1+ 43. Qg1 Qxb3 44. h3 Qxa3 45. Qf1+
Kg8 46. Qb5 Qc1+ 47. Kh2 Qf4+ 48. Kg1 Qxe4 49. Qg5 Qb1+ 50. Kh2 b5 51. h4 b4 52.
h5 Qc2 53. h6 Qc7+ 54. g3 b3 55. Qd5+ Qf7 56. h7+ Kxh7 57. Qxf7 b2 58. Qb3 Kh6
59. Qxb2 g5 60. Qf6+ Kh5 61. Qf5 Kh6 62. g4 Kg7 63. Qxg5+ Kf7 64. Qh6 1-0

[Event "Challenge"]
[Site "http://www.queenalice.com/game.php?id=803712"]
[Date "2010.7.15"]
[Round "-"]
[White "holly2106"]
[Black "Dr_Happy"]
[Result "1-0"]
[WhiteElo "1573"]
[BlackElo "1476"]

1. e4 d5 2. exd5 Qxd5 3. Nc3 Qe5+ 4. Qe2 Nc6 5. Nf3 Qxe2+ 6. Bxe2 Bg4 7. h3 Bxf3
8. Bxf3 O-O-O 9. O-O Ne5 10. Be4 Nf6 11. d3 Nc6 12. Bxc6 bxc6 13. Bf4 Nd5 14.
Nxd5 Rxd5 15. Rfe1 f6 16. Re4 e5 17. Bh2 f5 18. Rxe5 Bd6 19. Rxd5 cxd5 20. Bxd6
cxd6 21. Re1 g6 22. f4 a5 23. a4 Kc7 24. Kf2 Kc6 25. Re7 Kc5 26. Ke3 d4+ 27. Kd2
Kb4 28. b3 Ka3 29. Rd7 Kb2 30. Rxd6 Rc8 31. Rxd4 Rxc2+ 32. Ke3 Kxb3 33. g4 fxg4
34. hxg4 h5 35. gxh5 gxh5 36. f5 Rc8 37. Rh4 Re8+ 38. Kd2 Rf8 39. Rxh5 Kxa4 40.
Kc3 Rc8+ 41. Kb2 Rd8 42. Rh4+ Kb5 43. d4 Rd5 44. Rf4 Kb4 45. f6 a4 46. f7 a3+
47. Ka2 Rd8 48. f8=Q+ Rxf8 49. Rxf8 Kc4 50. Kxa3 Kxd4 51. Kb4 Ke5 52. Kc5 Ke6
53. Rf1 Ke5 54. Re1+ Kf4 55. Kd5 Kf3 56. Kd4 Kf2 57. Re8 Kf3 58. Re7 Kf4 59.
Rf7+ Kg5 60. Ke5 Kg4 61. Rf8 Kg5 62. Rg8+ 1-0

[Event "AUTO-INT-1766"]
[Site "http://www.queenalice.com/game.php?id=807616"]
[Date "2010.7.24"]
[Round "1"]
[White "Dr_Happy"]
[Black "spin"]
[Result "1-0"]
[WhiteElo "1412"]
[BlackElo "1618"]

1. d4 e6 2. Nf3 c5 3. dxc5 Qa5+ 4. Bd2 Qxc5 5. b4 Qb5 6. e4 Bxb4 7. Bxb5 Bd6 8.
Bc3 Bf8 9. O-O a6 10. Be2 f6 11. e5 f5 12. Ng5 b5 13. Ba5 Nc6 14. Bc7 Nxe5 15.
Bxe5 h6 16. Bh5+ g6 17. Bxg6+ Ke7 18. Qd6+ Kd8 19. Qxf8# 1-0

[Event "AUTO-INT-1766"]
[Site "http://www.queenalice.com/game.php?id=807617"]
[Date "2010.7.24"]
[Round "1"]
[White "spin"]
[Black "Dr_Happy"]
[Result "0-1"]
[WhiteElo "1764"]
[BlackElo "1482"]

1. e4 d5 2. exd5 Qxd5 3. Nc3 Qe6+ 4. Be2 Na6 5. d4 Nb4 6. d5 Qg6 7. Bf3 Nxc2+ 8.
Kf1 Nxa1 9. Nb5 Qa6 10. Be2 Qb6 11. Be3 c5 12. Qxa1 Bd7 13. a4 O-O-O 14. Qc1
Bxb5 15. axb5 Rxd5 16. Qc4 e6 17. Bf3 Nf6 18. Bxd5 exd5 19. Qb3 a6 20. Bg5 Qxb5+
21. Qxb5 axb5 22. Ne2 Ne4 23. Bf4 b4 24. f3 Nf6 25. b3 c4 26. Kf2 Nh5 27. Rc1
Bc5+ 28. Kf1 Nxf4 29. Nxf4 Be3 30. Ra1 Bxf4 31. bxc4 dxc4 32. Ra8+ Bb8 33. Ra4
Bd6 34. Ke2 Re8+ 35. Kd2 c3+ 36. Kd3 Kc7 37. h4 Kb6 38. g4 Rc8 39. Kc2 b3+ 40.
Kxb3 c2 0-1

[Event "AUTO-INT-1766"]
[Site "http://www.queenalice.com/game.php?id=807618"]
[Date "2010.7.24"]
[Round "1"]
[White "Dr_Happy"]
[Black "rodrigohuii"]
[Result "0-1"]
[WhiteElo "1452"]
[BlackElo "1634"]

1. Nc3 d5 2. e4 d4 3. Nce2 e5 4. d3 Nf6 5. Bg5 Bg4 6. f3 Bb4+ 7. c3 dxc3 8. bxc3
Bc5 9. fxg4 Bxg1 10. Rxg1 O-O 11. d4 Nbd7 12. dxe5 Nxe5 13. Bxf6 Qxf6 14. Ng3
Nxg4 15. Qxg4 Qxc3+ 16. Kf2 Qxa1 17. Nh5 Rae8 18. e5 Qb2+ 19. Be2 Qxe5 20. Re1
f5 21. Bc4+ Kh8 22. Qg3 f4 23. Qg4 Qc5+ 24. Kf1 Qxc4+ 25. Re2 Qc1+ 26. Kf2 Rxe2+
27. Kxe2 Re8+ 28. Kd3 Qe3+ 29. Kc4 Re4+ 0-1

[Event "AUTO-INT-1766"]
[Site "http://www.queenalice.com/game.php?id=807619"]
[Date "2010.7.24"]
[Round "1"]
[White "rodrigohuii"]
[Black "Dr_Happy"]
[Result "1-0"]
[WhiteElo "1664"]
[BlackElo "1486"]

1. e4 d5 2. exd5 Qxd5 3. Nc3 Qe5+ 4. Be2 Bg4 5. d4 Bxe2 6. Ngxe2 Qa5 7. Bd2 Na6
8. O-O O-O-O 9. Ne4 Qb5 10. Ng5 Nh6 11. b3 f6 12. Nf3 e5 13. c4 Qd7 14. Bxh6
gxh6 15. dxe5 Bg7 16. exf6 Bxf6 17. Qxd7+ Rxd7 18. Rad1 Rhd8 19. Rxd7 Rxd7 20.
a3 h5 21. h4 Nc5 22. b4 Na4 23. Nf4 Bb2 24. Re1 Bxa3 25. Re8+ Rd8 26. Re7 Bxb4
27. Rxh7 Rd1+ 28. Kh2 Bd6 29. Rh8+ Kd7 30. g3 Kc6 31. Nxh5 Kc5 32. Ra8 Kxc4 33.
Rxa7 b5 34. Nf6 Nc5 35. Ne8 Ne4 36. Nxd6+ cxd6 37. Kg2 b4 38. Ra4 Kb5 39. Ra2 b3
40. Rb2 Kb4 41. Ng5 Ka3 42. Rxb3+ Kxb3 43. Nxe4 d5 44. Nc5+ Kc3 45. h5 Re1 46.
h6 Re8 47. g4 Rg8 48. Kg3 Rg6 49. h7 Rh6 50. g5 Rxh7 51. f4 Rg7 52. Kg4 d4 53.
f5 d3 54. f6 Rf7 55. Kf5 d2 56. Ne4+ Kd3 57. Nxd2 Kxd2 58. Kg6 Rc7 59. f7 Rc6+
60. Kg7 Rc5 61. g6 Rc7 62. Kg8 Rc6 63. g7 Rc8+ 64. f8=Q Rxf8+ 65. gxf8=Q Kd3 66.
Kf7 Kc4 67. Ke6 Kd4 68. Qd6+ Kc3 69. Ke5 Kc2 70. Kd4 Kd2 71. Qb4+ Ke2 72. Ke4
Kf2 73. Kf4 Kg2 74. Qd2+ Kh3 75. Qe2 1-0

[Event "AUTO-INT-1766"]
[Site "http://www.queenalice.com/game.php?id=807620"]
[Date "2010.7.24"]
[Round "1"]
[White "Dr_Happy"]
[Black "Chazam"]
[Result "1-0"]
[WhiteElo "1463"]
[BlackElo "1536"]

1. e4 e5 2. Nf3 Nc6 3. h4 Nf6 4. Ng5 Qe7 5. Bc4 h6 6. Nxf7 Rh7 7. b3 Na5 8. d4
Nxc4 9. Nxe5 Nxe5 10. dxe5 Qxe5 11. c3 Qxe4+ 12. Be3 Qxg2 13. Rf1 d6 14. Na3 g6
15. Qd3 Bf5 16. Qd4 Ng4 17. Nb5 Nxe3 18. fxe3 Re7 19. c4 Qg3+ 20. Ke2 Bg7 21.
Qf4 Bg4+ 22. Kd2 Qxf4 23. Rxf4 h5 24. Rc1 a6 25. Nc3 O-O-O 26. Nd5 Re6 27. c5
dxc5 28. Rxc5 c6 29. Rfc4 Kb8 30. e4 cxd5 31. exd5 Re2+ 32. Kc1 Bb2+ 33. Kd1
Rde8 34. Rxg4 hxg4 35. d6 g3 36. Rg5 g2 37. d7 Rd8 38. Kxe2 Rxd7 39. Rxg2 Re7+
40. Kd3 Rh7 41. Rxb2 Rxh4 42. Rg2 Rh3+ 43. Kc2 Ka7 44. Kb2 Rh6 45. a4 b6 46. Ka3
a5 47. Rg5 Ka6 48. Rd5 1-0

[Event "AUTO-INT-1766"]
[Site "http://www.queenalice.com/game.php?id=807621"]
[Date "2010.7.24"]
[Round "1"]
[White "Chazam"]
[Black "Dr_Happy"]
[Result "0-1"]
[WhiteElo "1620"]
[BlackElo "1369"]

1. e4 Nf6 2. d3 e5 3. Nf3 Ng4 4. Qe2 Bc5 5. Be3 Nxe3 6. fxe3 d5 7. Nxe5 Qh4+ 8.
g3 Qg5 9. d4 Bd6 10. Nxf7 Kxf7 11. Qf3+ Kg6 12. e5 Bg4 13. Qxd5 Qxe3+ 14. Be2
Qxe2# 0-1

[Event "Challenge"]
[Site "http://www.queenalice.com/game.php?id=812465"]
[Date "2010.8.2"]
[Round "-"]
[White "katia"]
[Black "Dr_Happy"]
[Result "0-1"]
[WhiteElo "1277"]
[BlackElo "1439"]

1. d4 Nc6 2. Nf3 d6 3. e4 e5 4. Bb5 Bd7 5. Nc3 exd4 6. Bg5 f6 7. Bf4 dxc3 8.
bxc3 Ne5 9. Rb1 c6 10. Ba4 Bg4 11. Rxb7 Qc8 12. Qb1 Nxf3+ 13. Kf1 Ng5 14. h3
Nxe4 15. hxg4 g5 16. Be3 Nxc3 17. Qb3 Nxa4 18. Ke2 Nh6 19. f3 Nb6 20. Rxb6 axb6
21. Bxb6 Qa6+ 22. Qd3 Qxd3+ 23. Kxd3 Ra3+ 24. Kd4 c5+ 25. Kd5 Rxa2 26. Re1+ Be7
27. Re2 Rb2 28. Ba5 Kd7 29. Re6 Rxc2 30. Bb6 Rd2+ 0-1

[Event "Challenge"]
[Site "http://www.queenalice.com/game.php?id=821056"]
[Date "2010.8.20"]
[Round "-"]
[White "carlosufpe"]
[Black "Dr_Happy"]
[Result "1-0"]
[WhiteElo "1606"]
[BlackElo "1500"]

1. e4 Nf6 2. Nc3 d5 3. exd5 Nxd5 4. Qf3 Nxc3 5. Qxc3 Nc6 6. Nf3 Bf5 7. Bb5 Qd7
8. Ne5 Qe6 9. Bxc6+ bxc6 10. O-O O-O-O 11. Nxc6 Rd6 12. Nxa7+ Kb7 13. Nb5 Rc6
14. Qb4 Rb6 15. Qa5 Qc4 16. Qa7+ Kc6 17. Na3 Ra6 18. Nxc4 Rxa7 19. Ne5+ Kd5 20.
Nxf7 Rg8 21. d3 g6 22. Re1 Bg7 23. Ng5 h6 24. Nf3 e5 25. Nh4 Bf6 26. Nxf5 gxf5
27. Bxh6 e4 28. dxe4+ fxe4 29. Rad1+ Ke5 30. a3 Ra5 31. Bd2 Rc5 32. Bc3+ Kf5 33.
Bxf6 Kxf6 34. Rxe4 Rxc2 35. Rb1 Rf8 36. Rf4+ Kg7 37. Rxf8 Kxf8 38. g3 c5 39. b4
c4 40. b5 Ra2 41. Rc1 Rxa3 42. Rxc4 Ra1+ 43. Kg2 Rb1 44. h4 Rxb5 45. g4 Rb3 46.
h5 Kg7 47. f3 Kh6 48. Rc6+ Kg5 49. Kg3 Rb4 50. Rc5+ Kh6 51. Rc2 Kg5 52. Rf2 Rf4
53. Re2 Rf6 54. Re5+ Kh6 55. Rf5 Rxf5 56. gxf5 Kxh5 57. Kf4 Kh6 58. Ke5 Kg7 59.
f6+ Kf7 60. f4 Ke8 61. Ke6 Kf8 62. f7 1-0

[Event "Challenge"]
[Site "http://www.queenalice.com/game.php?id=823520"]
[Date "2010.8.26"]
[Round "-"]
[White "Dr_Happy"]
[Black "toniteacher"]
[Result "1-0"]
[WhiteElo "1463"]
[BlackElo "1534"]

1. d4 d5 2. Nc3 Nf6 3. Qd3 Nc6 4. Bg5 e6 5. O-O-O Be7 6. e4 Nb4 7. Qg3 Nh5 8.
Bxe7 Qxe7 9. Qg4 g6 10. exd5 Nf6 11. Qg5 Nfxd5 12. Qxe7+ Nxe7 13. Nb5 Na6 14.
Nf3 O-O 15. Ne5 Nc6 16. h4 h5 17. f4 Nxe5 18. fxe5 Bd7 19. d5 exd5 20. Rxd5 Rfd8
21. Nd4 Nb4 22. Rc5 Nxa2+ 23. Kb1 Nb4 24. c3 Bf5+ 25. Kc1 Na2+ 26. Kd2 Rd7 27.
Bc4 Be6 28. Bxe6 fxe6 29. Ke3 b6 30. Rc6 Rd5 31. Ra1 1-0

[Event "Challenge"]
[Site "http://www.queenalice.com/game.php?id=827220"]
[Date "2010.9.3"]
[Round "-"]
[White "toniteacher"]
[Black "Dr_Happy"]
[Result "1-0"]
[WhiteElo "1658"]
[BlackElo "1510"]

1. e4 d5 2. exd5 Qxd5 3. Nc3 Qe6+ 4. Be2 Nf6 5. Nf3 Na6 6. O-O Nb4 7. Re1 Qb6 8.
a3 Ng4 9. d4 Na6 10. Bc4 Be6 11. Bxe6 fxe6 12. Ng5 h5 13. Nxe6 Qd6 14. Bf4 Ne5
15. Rxe5 c6 16. Rxh5 Qxe6 17. Rxh8 O-O-O 18. Qd2 g5 19. Re1 Qf6 20. Be5 Qf5 21.
Rh5 c5 22. Rxg5 Qd7 23. d5 e6 24. Bf6 exd5 25. Bxd8 d4 26. Ba5 b6 27. Rd5 Kb7
28. Rxd7+ 1-0